Missing Word: Songs Missing Beatles Songs Quiz Stats

 Plays Quiz Updated Jul 16, 2018

Score 0/14 Timer 03:00
0 Plays Today
Song Missing Word % Correct
Brown Eyed _____Girl
96.7%
_____ Me, RhondaHelp
82.6%
Have You Ever Seen The _____?Rain
77.9%
Mo _____ Mo ProblemsMoney
77.6%
Girls & _____Boys
66.3%
_____ of YouBecause
39.8%
_____ CakeBirthday
33.6%
Song Missing Word % Correct
Take These _____ From My HeartChains
29.7%
I Will _____Wait
28.6%
Bye Bye _____Blackbird
20.1%
_____ High AgainFlying
17.3%
My _____Michelle
17.2%
From _____Yesterday
16.7%
_____ BusinessMisery
16.3%

Today's Daily Dose

You're not logged in!

Compare scores with friends on all Sporcle quizzes.
OR
Log In

Sporcle TV

Today on Sporcle TV


Watch our educational content, quiz creation guides, and fun videos on Sporcle TV.

Show Comments

Extras

Top Quizzes Today


Score Distribution

Your Account Isn't Verified!

In order to create a playlist on Sporcle, you need to verify the email address you used during registration. Go to your Sporcle Settings to finish the process.

Report this User

Report this user for behavior that violates our Community Guidelines.

Details: